00667cam a22001572 4500001001100000005001700011008004100028020000800069040001500077111010000092245017500192260002800367300001100395650004300406650006000449000000829120151217155834.0080221s xx 000 0 eng d cKES aKABUcKABU2 aRegulations and Guidelines for Safety in Biotechnology for Kenya cNairobi :d1998.@000015887110aProceedings of the National Workshop on Regulations and Guidelines for Safety in Biotechnology for Kenya /cedited by Grace N. W. Thitai, John S. Mbaya, Johnson Nyangeri. aNairobi :bNCST,c1998. a84 p. 0aBiotechnologyvCongresses.@0000158872 0aBiotechnologyvCongressesxResearchzKenya.@0000158873